000 00369pab a2200145 454500
008 180718b2003 xxu||||| |||| 00| 0 eng d
100 _aMaheshwari, Belu J.
245 _aConcept of gender budgeting: a critical review
260 _c2003
300 _ap.107-18.
650 _aBudget
650 _aWomen
773 _aResearch Journal Social Sciences
909 _a63436
999 _c63436
_d63436